000 00960nam a2200253 i 4500
001 80035
003 ES-MaACL
005 20250729122827.0
007 t|
008 041026s1927 sp f |||| |bspa d
080 _a929 Beethoven
100 1 _aHevesy, André de.
_963501
245 1 0 _aVida íntima de Beethoven /
_cAndré de Hevesy ; traducción de Enrique Ruiz de la Serna ; prólogo de A. Hernández Catá.
260 _aMadrid :
_b[s.n.,
_c1927] (
_fImp. Helénica)
300 _aXX, 222 p., XI lám. ;
_c21 cm.
530 _aDisponible en formato digital.
600 1 4 _aBeethoven, Ludwig van-
_xBiografías.
_927031
700 1 _aRuiz de la Serna, Enrique.
_9100753
700 1 _aHernández Catá, Alfonso,
_d1885-1940
_962908
852 _aES-MaACL
_jF-4112
_cDEPO2
_zRevisado enlace: 29 de julio de 2025
856 4 _uhttp://bdh-rd.bne.es/viewer.vm?id=0000073952&page=1
_yBiblioteca Digital Hispánica
942 _2udc
999 _c80035
_d80035